A journey through India

Bibliographic Details
Format: Book
Published: New Delhi : Lustre Press , 1990

MARC

LEADER 00000cam a2200000 7i4500
001 0000004272
002 000004591
005 20000330.0
020 |a 187046141X 
090 0 0 |a 915.404   |b JOU 
245 1 2 |a A journey through India 
260 |a New Delhi :   |b Lustre Press ,   |c 1990 
300 |a 96p. :   |b 28cm 
999 |a 030271   |b BUKU   |c PINJAMAN   |e PERPUSTAKAAN KOMUNITI PETALING JAYA